000 00436nam a2200181 4500
020 _a978-93-86896-19-3
040 _cTrident
082 _a610
_bSAN
100 _aDr. G.K.Sandhu
_945386
245 _aEssentials of Health Centre Management
250 _a2nd Repit
260 _aJalandhar
_bLotus Publishers
_c2023
300 _aX.192;
500 _a2
650 _aBio Medical
_942048
700 _aNo
_945387
942 _2ddc
_cBK
_n0
999 _c61117
_d61117